Les séries de "La trilogie du samedi soir" mal décrites - Statistiques

Statistiques générales
  • Ce quiz a été pris 207 fois
  • Le résultat moyen est 4 sur 12
Statistiques - réponses
Hint Réponse % Correct
Qui aurait pu penser que la peau humaine était si pratique pour dessiner des plans ? Prison Break
90%
Une adolescente y assassine tous les gens qui ont des dents trop longues Buffy Contre les vampires
82%
Une famille ne peut pas lire un livre sans que tout le monde soit réuni Charmed
72%
L'adolescence d'un mec super ! Smallville
47%
Si il avait été à l'école, quelque soit la matière, il aurait été premier de classe Le Cameleon
33%
Finalement Thales et Pythagore auraient fait de très bons enquêteurs ! Numbers
25%
Contrairement aux autres problèmes, les problèmes familiaux ne se résolvent pas avec du sel Supernatural
22%
Il en faut 206 pour résoudre un meurtre ! Bones
17%
Quand les traitres sont en fait des alliés des méchants qui sont aussi les parents des gentils à perruque rouge... Alias
11%
Comme quoi, la nuit porte conseil ! Medium
11%
C'est la recherche de l'histoire de Jean Martin John Doe
10%
Les infiltrés de l'espace Roswell
8%
Aucun quiz correspondant
Distribution des résultats
% des personnes avec chaque résultat
Percentile par nombre de réponses
Votre historique - résultats
Vous n’avez pas pris ce quiz